000 01226cam a2200337 a 4500
001 14304179
003 OSt
005 20190621094607.0
008 060317s2006 inua bf 001 0 eng
010 _a 2006924211
020 _a1592575064 (alk. paper)
040 _aDLC
_cDLC
_dDLC
042 _apcc
050 0 0 _aPN 2053
_b.K36 2006
082 0 0 _aIB 792
_bK41 2006
100 1 _aKenrick, John.
245 1 0 _aThe complete idiot's guide to amateur theatricals /
_cJohn Kenrick.
246 3 0 _aAmateur theatricals
260 _aNew York :
_bAlpha Books,
_cc2006.
300 _axxvi, 372 p. :
_bill. ;
_c23 cm.
504 _aIncludes bibliographical references (p. [345]-351) and index.
562 _e1
650 0 _aTheater
_xProduction and direction
_vHandbooks, manuals, etc.
650 0 _aAmateur theater
_vHandbooks, manuals, etc.
856 4 2 _3Contributor biographical information
_uhttp://www.loc.gov/catdir/enhancements/fy0721/2006924211-b.html
856 4 2 _3Publisher description
_uhttp://www.loc.gov/catdir/enhancements/fy0721/2006924211-d.html
906 _a7
_bcbc
_corignew
_d2
_eepcn
_f20
_gy-gencatlg
942 _2lcc
_cBK
999 _c2207
_d2207